Načítá se...

Omanilude yathra vivaranam/

Podrobná bibliografie
Hlavní autor: Santha Thulaseedharan
Médium: Printed Book
Vydáno: Thiruvananthapuram: Prabhatham Printing and Publishing, 2016.
Témata:
LEADER 00648nam a22001697a 4500
020 |a 9788177055948 
082 |a M080 32  |b SAN/O 
100 |a Santha Thulaseedharan  |9 51885 
245 |a Omanilude yathra vivaranam/  |c by Santha Thulaseedharan 
260 |a Thiruvananthapuram:   |b Prabhatham Printing and Publishing,  |c 2016. 
300 |a 157p.  |e plates. 
650 |a Travelogue Malayalam  |9 51886 
650 |a Literature Malayalam  |9 51887 
650 |a Literature   |9 51888 
942 |c BK 
999 |c 72474  |d 72474 
952 |0 0  |1 0  |4 0  |6 M_080_320000000000000_SAN_O  |7 0  |9 93232  |a SSUS  |b SSUS  |c STACKS  |d 2018-06-18  |g 150.00  |o M080 32 SAN/O  |p 090331  |r 2018-06-18  |w 2018-06-18  |y BK